Loading...

Ende Desikanmar

Bibliografiske detaljer
Hovedforfatter: Puthuval. A.R
Format: Printed Book
Sprog:Malayalam
Udgivet: Godans house Godans house 1970
LEADER 00407nam a2200121Ia 4500
008 111205s9999 xx 000 0 mal d
100 |a Puthuval. A.R. 
245 |a Ende Desikanmar  |c Puthuval. A.R. 
260 |b Godans house  |a Godans house  |c 1970 
300 |a 0 
942 |c BK 
999 |c 208764  |d 208764 
952 |0 0  |1 0  |2 ddc  |4 0  |6 S_9R6  |7 0  |9 230851  |a MAL  |b MAL  |c SEC  |d 2020-01-15  |g 3.00  |l 0  |o S9R6  |p MAL3386  |r 2016-01-23  |v 3.00  |w 2011-12-05  |y BK